Психологическая служба в системе образования: учебное пособие

ग्रंथसूची विवरण
मुख्य लेखक: Изотова Е. И. Елена Ивановна
सारांश:Учебное пособие создано в соответствии с Федеральным государственным образовательным стандартом по направлению подготовки 050400 — Психолого-педагогическое образование (профили «педагогика и психология начального образования», «педагогика и психология дошкольного образования», квалификация «бакалавр»). В учебном пособии — одном из первых, посвященных вопросам организации психологической службы в системе образования, — рассмотрены современные концептуальные модели этой службы, предмет, объект. Задачи и направления профессиональной деятельности психолога образовательного учреждения. Особое внимание уделено материально-технической, нормативно-правовой и профессионально-этической сторонам деятельности психолога. Приводятся примеры различных видов соответствующей документации. Предыдущие издания книги выходили под названием «Психологическая служба в образовательном учреждении». Для студентов учреждений высшего профессионального образования.
भाषा:रूसी
प्रकाशित: Москва, Академия, 2012
संस्करण:3-е изд., испр. и доп.
श्रृंखला:Высшее профессиональное образование. Бакалавриат
Психолого-педагогическое образование
विषय:
स्वरूप: पुस्तक
KOHA link:https://koha.lib.tpu.ru/cgi-bin/koha/opac-detail.pl?biblionumber=219581

MARC

LEADER 00000nam0a2200000 4500
001 219581
005 20231101230253.0
010 |a 9785769577826 
035 |a (RuTPU)RU\TPU\book\239667 
090 |a 219581 
100 |a 20120710d2012 m y0rusy50 ca 
101 0 |a rus 
102 |a RU 
105 |a y j 001zy 
200 1 |a Психологическая служба в системе образования  |e учебное пособие  |f Е. И. Изотова 
205 |a 3-е изд., испр. и доп. 
210 |a Москва  |c Академия  |d 2012 
215 |a 304 с. 
225 1 |a Высшее профессиональное образование. Бакалавриат 
225 1 |a Психолого-педагогическое образование 
320 |a Библиогр. в конце разд. 
330 |a Учебное пособие создано в соответствии с Федеральным государственным образовательным стандартом по направлению подготовки 050400 — Психолого-педагогическое образование (профили «педагогика и психология начального образования», «педагогика и психология дошкольного образования», квалификация «бакалавр»). В учебном пособии — одном из первых, посвященных вопросам организации психологической службы в системе образования, — рассмотрены современные концептуальные модели этой службы, предмет, объект. Задачи и направления профессиональной деятельности психолога образовательного учреждения. Особое внимание уделено материально-технической, нормативно-правовой и профессионально-этической сторонам деятельности психолога. Приводятся примеры различных видов соответствующей документации. Предыдущие издания книги выходили под названием «Психологическая служба в образовательном учреждении». Для студентов учреждений высшего профессионального образования. 
606 1 |a Педагогическая психология  |2 stltpush  |3 (RuTPU)RU\TPU\subj\48426  |9 58754 
606 1 |a Педагогическая психология взрослых  |2 stltpush  |3 (RuTPU)RU\TPU\subj\48427  |9 67297 
610 1 |a образование 
610 1 |a психологи 
610 1 |a профессиональная деятельность 
610 1 |a психологическая диагностика 
610 1 |a психологическая коррекция 
610 1 |a профилактика 
610 1 |a психологическое консультирование 
610 1 |a педагогический процесс 
610 1 |a инструментарий 
610 1 |a тесты 
610 1 |a материально-техническое обеспечение 
610 1 |a этические нормы 
610 1 |a нормативные документы 
610 1 |a специальная документация 
610 1 |a организационно-методическое обеспечение 
610 1 |a методики 
610 1 |a адаптация 
610 1 |a дети 
610 1 |a познавательные процессы 
610 1 |a учебные пособия 
686 |a Ю940я73  |v LBC/SL-A  |2 rubbk 
686 |a Ю98я73  |v LBC/SL-A  |2 rubbk 
700 1 |a Изотова  |b Е. И.  |g Елена Ивановна 
801 1 |a RU  |b 63413507  |c 20120710 
801 2 |a RU  |b 63413507  |c 20150617  |g RCR 
900 |a Психология 
942 |c BK 
951 |b 030300 
955 |b 050400  |l 8.1 
959 |a 104/20120710  |d 2  |e 420,20  |f ЧЗГЛ:1  |f АНЛ:1